000 01220cam a22003497a 4500
003 CHAP
005 20220329133421.0
008 971013s1992 r 00010 d
010 _a6142
011 _a7114
035 _a6337
040 _cCHAP
090 _aTesis
100 0 0 _aAvila Frías, Eligio.
_98783
245 0 _aEvaluación fisiológica de semillas de tomate de cáscara (Physalis ixocarpa Brot.) almacenadas bajo dos condiciones
260 _aChapingo, Méx. :
_bEl autor,
_c1992
300 _a120 h.
_b; gráfs.
502 _aTesis (Ing. Agr. Esp. en Fitotecnia) -- UACH. Departamento de Fitotecnia
590 _aALEPH
_b10
_c20130110
_lUCH01
_h1217
590 _aBATCH-UPD
_b10
_c20130110
_lUCH01
_h0838
590 _aBATCH-UPD
_b10
_c20130410
_lUCH01
_h0516
590 _aBATCH-UPD
_b10
_c20130914
_lUCH01
_h0456
590 _aCONVERSION
_b10
_c20130109
_lUCH01
_h1304
650 1 4 _aSemillas
_xAlmacenamiento.
_9103875
650 1 4 _aSemillas
_xFisiología y morfología.
_9103902
650 1 4 _aSemillas
_xGerminación.
_9103903
650 1 4 _aTomate verde
_xSemilla.
_9113836
700 0 _aHinojosa Salazar, Raúl.
_955529
901 _aBK
942 _cTESIS
949 _bBC
_cTES
_d-15938
_eTS1
_h25314
_i6337
_si
999 _c6142
_d6142